MARC details
| 000 -CABECERA |
| campo de control de longitud fija |
02000nam a22002417a 4500 |
| 008 - DATOS DE LONGITUD FIJA--INFORMACIÓN GENERAL |
| campo de control de longitud fija |
251023b |||||||| |||| 00| 0 eng d |
| 020 ## - NÚMERO INTERNACIONAL ESTÁNDAR DEL LIBRO |
| Número Internacional Estándar del Libro |
9781485130499 |
| 040 ## - FUENTE DE LA CATALOGACIÓN |
| Centro/agencia transcriptor |
tbs |
| 041 ## - CÓDIGO DE LENGUA |
| Código de lengua del texto/banda sonora o título independiente |
eng |
| 050 ## - SIGNATURA TOPOGRÁFICA DE LA BIBLIOTECA DEL CONGRESO |
| Número de clasificación |
HD30.215 |
| Número de documento/Ítem |
.W44 2020 |
| 100 ## - ENTRADA PRINCIPAL--NOMBRE DE PERSONA |
| Nombre de persona |
Wegner, Trevor |
| 9 (RLIN) |
26285 |
| Término indicativo de función/relación |
author |
| 245 ## - MENCIÓN DE TÍTULO |
| Título |
Applied business statistics |
| Resto del título |
: methods and excel-based applications |
| Mención de responsabilidad, etc. |
/ Trevor Wegner. |
| 250 ## - MENCIÓN DE EDICIÓN |
| Mención de edición |
Fifth edition. |
| 260 ## - PUBLICACIÓN, DISTRIBUCIÓN, ETC. |
| Lugar de publicación, distribución, etc. |
Cape Town : |
| Nombre del editor, distribuidor, etc. |
Juta & Company, |
| Fecha de publicación, distribución, etc. |
2020. |
| 300 ## - DESCRIPCIÓN FÍSICA |
| Extensión |
554 pages : |
| Otras características físicas |
illustrations, tables, charts (black and white) ; |
| Dimensiones |
25 cm. |
| 520 ## - SUMARIO, ETC. |
| Sumario, etc. |
The text emphasises four themes to support evidence-based management decision making:<br/>1. Setting the statistical landscape in a management context<br/>2. Interpretative decision making based on patterns revealed by exploratory data analyses<br/>3. Statistical decision making guided by the test-based findings of inferential analyses<br/>4. Predictive decision making using statistical modelling evidence. The thread that links them is the role of data analytics as a management decision-support tool.<br/>This fifth edition builds on the strengths of the fourth edition by:<br/>- Highlighting newer trends in statistical applications in management practice<br/>- Strengthening the Excel-based generation of statistical evidence using a custom-built software product, called X-Static<br/>- Enhancing the graphic visualisation of statistical evidence. Target market:<br/>- Undergraduate students of Management at universities (BCom, BAcc, etc)<br/>- Management diploma students working towards professional qualifications at institutions such as the IMM, CSSA, CIMA, IAC, etc.<br/>- Postgraduate students (MBA and PGDip) of Management at business schools. |
| 630 #0 - PUNTO DE ACCESO ADICIONAL DE MATERIA--TÍTULO UNIFORME |
| Título uniforme |
B1 Business Analytics and Data Visualization (BiM) |
| 9 (RLIN) |
26598 |
| 650 #0 - PUNTO DE ACCESO ADICIONAL DE MATERIA--TÉRMINO DE MATERIA |
| Término de materia o nombre geográfico como elemento de entrada |
Commercial statistics |
| 9 (RLIN) |
26286 |
| 650 #0 - PUNTO DE ACCESO ADICIONAL DE MATERIA--TÉRMINO DE MATERIA |
| Término de materia o nombre geográfico como elemento de entrada |
Decision making |
| Subdivisión general |
Statistical methods |
| 9 (RLIN) |
10045 |
| 650 #0 - PUNTO DE ACCESO ADICIONAL DE MATERIA--TÉRMINO DE MATERIA |
| Término de materia o nombre geográfico como elemento de entrada |
Industrial management |
| Subdivisión general |
Statistical methods |
| 9 (RLIN) |
23174 |
| 650 #0 - PUNTO DE ACCESO ADICIONAL DE MATERIA--TÉRMINO DE MATERIA |
| Término de materia o nombre geográfico como elemento de entrada |
Microsoft Excel (Computer file) |
| 9 (RLIN) |
898 |
| 942 ## - ELEMENTOS DE ENTRADA AGREGADA (KOHA) |
| Fuente del sistema de clasificación o colocación |
Clasificación de Library of Congress |